Lataa...

Medical embryology

Bibliografiset tiedot
Päätekijä: T W Sadler
Kieli:Undetermined
Julkaistu: Lippincott willliams and wilkins 2006
New Delhi
Painos:10
Aiheet:
LEADER 00617nam a2200241Ia 4500
008 141122s9999 xx 000 0 und d
040 |c . 
041 |a English 
082 |a LS 
082 |b 381 
100 |a T W Sadler 
245 |a Medical embryology 
245 |c T W Sadler 
250 |a 10 
260 |b Lippincott willliams and wilkins 
260 |b New Delhi 
260 |c 2006 
300 |a 371 Pages 
500 |a LS 
650 |a Embryology 
942 |c LS 
999 |c 8159  |d 8159 
952 |0 0  |1 0  |4 0  |6 LS_000000000000000_381  |7 0  |9 8117  |a COVAS  |b COVAS  |d 0000-00-00  |o LS 381  |p LS281   |r 2014-11-26  |w 2014-11-26  |y LS